[Event "2024 New Zealand Championship"]
[Site "Palmerston North NZL"]
[Date "2024.01.03"]
[Round "2.14"]
[White "McDougall, Euan"]
[Black "Zhang, Kendrick Botong"]
[Result "0-1"]
[WhiteElo "1988"]
[BlackElo "2099"]
[PlyCount "76"]
[EventDate "2024.01.02"]

1. d4 Nf6 2. c4 e6 3. Nc3 Bb4 4. e3 b6 5. Nge2 Bb7 6. a3 Bxc3+ 7. Nxc3 d5 8.
Qc2 Nbd7 9. Be2 dxc4 10. O-O c5 11. Rd1 Qe7 12. Bxc4 O-O 13. Ba2 Rac8 14. f3
cxd4 15. Rxd4 e5 16. Rd1 e4 17. f4 Nc5 18. b4 Nd3 19. Bd2 Ng4 20. Rf1 Qf6 21.
Qb3 Nxe3 22. Nxe4 Qg6 23. Bxe3 Qxe4 24. Rf3 Nxf4 25. Bb1 Rc1+ 26. Kf2 Nd3+ 27.
Bxd3 Qh4+ 28. Rg3 Qf6+ 29. Rf3 Bxf3 30. gxf3 Rxa1 31. Qc4 Re8 32. Bd4 Ra2+ 33.
Kg3 Qg5+ 34. Kh3 Qh5+ 35. Kg3 Qxh2+ 36. Kg4 Rg2+ 37. Kf5 Qh5+ 38. Kf4 Qg5# 0-1